Padělatel Adolfo Kaminsky : když budu hodinu spát, třicet lidí zemře... /
Židovský mladík Adolfo se od svých čtrnácti zajímal o chemii barvení, a to ho velmi záhy během druhé světové války předurčilo ke spolupráci s odbojem. Stal se předním padělatelem dokladů pro francouzské hnutí odporu. Díky svým dovednostem, odbornosti a neúnavné práci do konce války podle odhadu zach...
Uloženo v:
| Hlavní autor: | |
|---|---|
| Další autoři: | |
| Médium: | Kniha |
| Jazyk: | Czech |
| Vydáno: |
V Praze :
Metafora,
2018
|
| Vydání: | Vydání první |
| Témata: | |
| Celkem bylo vypůjčeno: | 16x |
| Tagy: |
Žádné tagy |
| LEADER | 03206nam a2200637 i 4500 | ||
|---|---|---|---|
| 001 | 87526 | ||
| 003 | CZ PrNK | ||
| 005 | 20240330064937.0 | ||
| 007 | ta | ||
| 008 | 180201s2018 xr g 000 fbcze | ||
| 015 | |a cnb002977547 | ||
| 999 | |c 87526 |d 87526 | ||
| 020 | |a 9788073595500 |q (vázáno) | ||
| 040 | |a BOA001 |b cze |d OLA001 |e rda | ||
| 041 | 1 | |a cze |h fre | |
| 072 | 7 | |a 821.133.1-3 |x Francouzská próza, francouzsky psaná |2 Konspekt |9 25 | |
| 072 | 7 | |a 929 |x Biografie |2 Konspekt |9 8 | |
| 080 | |a 821.133.1-31 |2 MRF | ||
| 080 | |a 77-051 |2 MRF | ||
| 080 | |a 343.51/.52-051 |2 MRF | ||
| 080 | |a 929 |2 MRF | ||
| 080 | |a 323.25/.26:329.18 |2 MRF | ||
| 080 | |a 94(100)"1939/1945" |2 MRF | ||
| 080 | |a (44) |2 MRF | ||
| 080 | |a (0:82-312.6) |2 MRF | ||
| 100 | 1 | |a Kaminsky, Sarah, |d 1979- |7 pna2018980375 |4 aut |9 108025 | |
| 240 | 1 | 0 | |a Adolfo Kaminsky, une vie de faussaire. |l Česky |
| 245 | 1 | 0 | |a Padělatel Adolfo Kaminsky : |b když budu hodinu spát, třicet lidí zemře... / |c Sarah Kaminsky ; přeložil Tomáš Kybal |
| 250 | |a Vydání první | ||
| 264 | 1 | |a V Praze : |b Metafora, |c 2018 | |
| 300 | |a 179 stran ; |c 21 cm | ||
| 336 | |a text |b txt |2 rdacontent | ||
| 337 | |a bez média |b n |2 rdamedia | ||
| 338 | |a svazek |b nc |2 rdacarrier | ||
| 500 | |a Přeloženo z francouzštiny | ||
| 520 | 2 | |a Židovský mladík Adolfo se od svých čtrnácti zajímal o chemii barvení, a to ho velmi záhy během druhé světové války předurčilo ke spolupráci s odbojem. Stal se předním padělatelem dokladů pro francouzské hnutí odporu. Díky svým dovednostem, odbornosti a neúnavné práci do konce války podle odhadu zachránil před jistou smrtí na 14 tisíc mužů, žen a dětí. Po osvobození oficiálně pracoval jako fotograf a zároveň téměř pětadvacet let tajně zdarma vyráběl falešné „papíry“ pro potřebné z celého světa: uprchlíky, imigranty, politicky angažované jedince z podzemních organizací nebo pacifisty | |
| 600 | 1 | 4 | |a Kaminsky, Adolfo, |d 1926- |7 pna2018980383 |2 czenas |9 108421 |
| 648 | 7 | |a 1939-1945 |7 ch460653 |2 czenas |9 52982 | |
| 648 | 7 | |a 20. století |7 ch460558 |2 czenas |9 52888 | |
| 648 | 7 | |a 20.-21. století |7 ch462155 |2 czenas |9 53009 | |
| 650 | 0 | 7 | |a fotografové |7 ph120335 |z Francie |y 20.-21. století |2 czenas |
| 650 | 0 | 7 | |a padělatelé |7 ph201921 |z Francie |y 20.-21. století |2 czenas |
| 650 | 0 | 7 | |a protifašistický odboj |7 ph115901 |z Francie |y 1939-1945 |2 czenas |
| 650 | 0 | 7 | |a druhá světová válka (1939-1945) |7 ph117270 |z Francie |2 czenas |
| 650 | 0 | 9 | |a photographers |z France |y 20th-21st centuries |2 eczenas |
| 650 | 0 | 9 | |a counterfeiters |z France |y 20th-21st centuries |2 eczenas |
| 650 | 0 | 9 | |a anti-fascist movements |z France |y 1939-1945 |2 eczenas |
| 650 | 0 | 9 | |a World War (1939-1945) |z France |2 eczenas |
| 655 | 7 | |a francouzské romány |7 fd132289 |2 czenas |9 53610 | |
| 655 | 7 | |a biografické romány |7 fd131905 |2 czenas |9 53505 | |
| 655 | 9 | |a French fiction |2 eczenas | |
| 655 | 9 | |a biographical novels |2 eczenas | |
| 700 | 1 | |a Kybal, Tomáš, |d 1950- |7 jk01071237 |4 trl |9 24492 | |
| 910 | |a UOG502 | ||
| 942 | |2 ddc |c KN | ||
| 993 | |0 0 |1 421180088099 |2 ddc |4 0 |7 0 |9 73164 |b 0 |c 88099 |d 2018-02-09 |e 16 |f DOSP |h 279.00 |i Koupě |l DOSP |m 12 |r 2024-05-21 |s 2024-05-02 |t 6 |w 2018-02-09 |y KN |z BELET | ||